Normal view
MARC view
Entry Personal Name
001 - CONTROL NUMBER
- control field: 23271
003 - CONTROL NUMBER IDENTIFIER
- control field: OSt
005 - DATE AND TIME OF LATEST TRANSACTION
- control field: 20210311103739.0
008 - FIXED-LENGTH DATA ELEMENTS
- fixed length control field: 210311|| aca||aabn | a|a d
040 ## - CATALOGING SOURCE
- Original cataloging agency: OSt
- Transcribing agency: OSt
100 ## - HEADING--PERSONAL NAME
- Personal name: Sastry,Kambhampati S
670 ## - SOURCE DATA FOUND
- Source citation: Work cat.: (OSt): Sastry,Kambhampati S, Constitution for 21st century India, 2004
